Equilibrio patrimonial: operación acordeón
-д хадгалсан:
| Үндсэн зохиолч: | |
|---|---|
| Формат: | Ном |
| Хэл сонгох: | испани |
| Хэвлэсэн: |
Madrid
Derecho Reunidas
2001
|
| Цуврал: | Cuadernos Mercantiles, 17
|
| Нөхцлүүд: | |
| Шошгууд: |
Шошго нэмэх
Шошго байхгүй, Энэхүү баримтыг шошголох эхний хүн болох!
|
MARC
| LEADER | 00000nam a2200000 a 4500 | ||
|---|---|---|---|
| 001 | UCK6565 | ||
| 003 | CL-VaPUC | ||
| 008 | 051007e20010000SP |||||||||||||||||spa|d | ||
| 020 | |a 8484940217 | ||
| 082 | 0 | 4 | |a 346.4607 |b LEA |2 21 |
| 100 | 0 | |a Leach Ros, María Blanca |e author |9 495958 | |
| 245 | 1 | 0 | |a Equilibrio patrimonial: operación acordeón |
| 300 | |a 292 p | ||
| 942 | |c BK | ||
| 945 | |d 20051007 00:00:00 |a jcarroza | ||
| 260 | |a Madrid |b Derecho Reunidas |c 2001 | ||
| 650 | 0 | |a Derecho mercantil |9 371888 | |
| 650 | 0 | |a Sociedades |9 259052 | |
| 650 | 7 | |a SOCIEDADES COMANDITARIAS |2 CL-VaPUC |9 255646 | |
| 651 | 0 | |a España |9 254926 | |
| 583 | |a last modification |c 20051007 00:00:00 |k Rodrigo Vera | ||
| 490 | 0 | |a Cuadernos Mercantiles, 17 | |
| 999 | |c 314841 |d 314839 | ||
| 952 | |0 0 |1 0 |4 0 |6 346_460700000000000_LEA_2001 |7 0 |8 A |9 387591 |a BIBDER |b BIBDER |d 2019-11-22 |i 4171330 |o 346.4607 LEA 2001 |p 4171330 |r 2019-11-22 |w 2019-11-22 |y BK |k DER | ||